Java enterprise best practices

Enregistré dans:
Détails bibliographiques
Auteur principal: The O'Reilly Java Authors
Format: Livre
Langue:Undetermined
Publié: Beijing, China O'Reilly Beijing 2003
Sujets:
Tags: Ajouter un tag
Pas de tags, Soyez le premier à ajouter un tag!
Thư viện lưu trữ: Trung tâm Học liệu Trường Đại học Cần Thơ
LEADER 00517nam a2200181Ia 4500
001 CTU_58128
008 210402s9999 xx 000 0 und d
082 |a 005.133 
082 |b O.66 
100 |a The O'Reilly Java Authors 
245 0 |a Java enterprise best practices 
245 4 |c The O'Reilly Java Authors 
260 |a Beijing, China 
260 |b O'Reilly Beijing 
260 |c 2003 
650 |a java ( computer program language ) 
904 |i Minh 
980 |a Trung tâm Học liệu Trường Đại học Cần Thơ